Canciones populares costarricenses: varios autores
Guardat en:
| Autor corporatiu: | |
|---|---|
| Format: | Llibre |
| Idioma: | espanyol |
| Publicat: |
San José
Universidad de Costa Rica
2009
|
| Edició: | 1a. ed |
| Matèries: | |
| Etiquetes: |
Afegir etiqueta
Sense etiquetes, Sigues el primer a etiquetar aquest registre!
|
MARC
| LEADER | 00000cam a2200000 a 4500 | ||
|---|---|---|---|
| 001 | UCE7757 | ||
| 003 | CL-VaPUC | ||
| 008 | 150703e20090000cr |||||||||||||||||spa|d | ||
| 020 | |a 9789968461580 | ||
| 082 | 0 | 4 | |a C781.63 |b UNI |2 21 |
| 110 | 2 | |a Universidad de Costa Rica |e author |9 580469 | |
| 245 | 1 | 0 | |a Canciones populares costarricenses: varios autores |
| 250 | |a 1a. ed | ||
| 300 | |a 82 p | ||
| 942 | |c BK | ||
| 945 | |d 20150703 10:05:00 |a gsalatino | ||
| 260 | |a San José |b Universidad de Costa Rica |c 2009 | ||
| 650 | 0 | |a Música popular |9 356085 | |
| 650 | 0 | |a Partituras |9 324008 | |
| 650 | 0 | |a Canciones populares |9 331022 | |
| 651 | 0 | |a Costa Rica |9 225304 | |
| 583 | |a last modification |c 20150703 10:05:00 |k Rodrigo Vera | ||
| 999 | |c 359787 |d 359785 | ||
| 952 | |0 0 |1 0 |3 erb |4 0 |6 C_781_630000000000000_UNI_2009 |7 0 |8 ? |9 469333 |a BIBEDU |b BIBEDU |i 5165385 |o C781.63 UNI 2009 |p 5165385 |r 2023-01-12 |w 2019-11-23 |y BK |z Catalogado en:20150703 |k MUS | ||